Estadísticas para Países Europeos en 1815 (con un mapa)

Haz click aquí para tomar la prueba!

Estadísticas generales

  • Esta prueba ha sido tomada 1,715 veces
  • La puntuación promedio es 20 de 44

Estadísticas de respuestas

Respuesta % Correcto
Imperio español
99%
Francia
98%
Portugal
98%
Imperio ruso
98%
Gran Bretaña e Irlanda
97%
Suecia
96%
Noruega
96%
Dinamarca
92%
Países Bajos
85%
Imperio otomano
83%
Imperio austríaco
82%
Confederación Suiza
82%
Luxemburgo
75%
Prusia
71%
Dos Sicilias
68%
Cerdeña
58%
Mónaco
55%
República de San Marino
50%
Andorra
49%
Liechtenstein
48%
Baviera
48%
Estados Pontificios
41%
Hamburgo
38%
Toscana
36%
Sajonia-Weimar-Eisenach
30%
Sajonia
28%
Montenegro
24%
Bremen
23%
Fráncfort
19%
Hanóver
19%
Baden
15%
Hesse
15%
Electorado de Hesse
15%
Parma
13%
Módena
11%
Cracovia
11%
Wurtemberg
9%
Mecklemburgo
9%
Lucca
9%
Anhalt
8%
Oldemburgo
7%
Nassau
6%
Brunswick
6%
Hohenzollern
5%

Distribución de puntuación

Porcentaje por número respondido

Porcentaje de gente con cada puntuación

Historial de tus puntuaciones

No has tomado esta prueba